[Event "35th WCh U20 Girls"]
[Site "Tarvisio ITA"]
[Date "2017.11.13"]
[Round "1"]
[White "Di Benedetto, Desiree"]
[Black "Greibrokk, Ingrid"]
[Result "1/2-1/2"]
[WhiteElo "2190"]
[BlackElo "1868"]
[EventDate "2017.11.13"]
[PlyCount "182"]

1.Nf3 Nf6 2.e3 d5 3.c4 c6 4.Nc3 e6 5.d4 Bd6 6.Qc2 O-O 7.Bd3 Nbd7 8.O-O 
dxc4 9.Bxc4 b5 10.Bd3 Bb7 11.a3 a6 12.b4 e5 13.Ne4 Nxe4 14.Bxe4 h6 15.Bb2 
Qc7 16.h3 exd4 17.Nxd4 Nb6 18.Nf5 Be5 19.f4 Bxb2 20.Qxb2 f6 21.Rf3 Nc4 22.
Qc1 Kh8 23.Rg3 Rf7 24.Kh2 Rd8 25.Nd4 Nxe3 26.Qc5 Re7 27.Rxe3 Qxf4+ 28.Kh1 
Rxe4 29.Ne6 Qxe3 30.Nxd8 Qxc5 31.bxc5 Bc8 32.Nf7+ Kh7 33.Nd6 Re5 34.Nxc8 
Rxc5 35.Ne7 Rc3 36.Kg1 a5 37.Kf2 c5 38.Nc6 a4 39.Rb1 Rxa3 40.Rxb5 c4 41.
Rb4 c3 42.Rc4 Ra2+ 43.Kg3 c2 44.Nd4 a3 45.Nxc2 Rb2 46.Ne3 a2 47.Ra4 h5 48.
Kh2 Rd2 49.Nf5 g5 50.Ng3 Kg6 51.Ra6 Rc2 52.Ne4 Rc4 53.Nd2 Rc2 54.Nf3 Kf7 
55.Nd4 Rd2 56.Nb5 Rc2 57.Nd6+ Kg6 58.Ra7 Rd2 59.Nc4 Rc2 60.Nb6 Rd2 61.Ra5 
Kg7 62.Nc8 Re2 63.Ra6 Kg6 64.Ra7 Rd2 65.Ne7+ Kh6 66.Nf5+ Kg6 67.Ne7+ Kh6 
68.Nc6 Rb2 69.Kg3 Rb3+ 70.Kf2 Rb2+ 71.Kf3 Kg6 72.Ne7+ Kf7 73.Nf5+ Ke6 74.
Ng7+ Ke5 75.Nxh5 Rb3+ 76.Kf2 Rb2+ 77.Kg3 f5 78.Ra5+ Kd4 79.Ng7 f4+ 80.Kf3 
Rb3+ 81.Kf2 Rb2+ 82.Kf3 Rb3+ 83.Kg4 Rg3+ 84.Kf5 Rxg2 85.Ne6+ Kc3 86.Nxg5 
Kb2 87.Kxf4 a1=Q 88.Rxa1 Kxa1 89.Nf3 Rg8 90.Ng5 Rh8 91.Kg4 Rxh3 1/2-1/2

[Event "35th WCh U20 Girls"]
[Site "Tarvisio ITA"]
[Date "2017.11.13"]
[Round "1"]
[White "Caxita, Esperanca"]
[Black "Nguyen, Emily"]
[Result "0-1"]
[WhiteElo "1865"]
[BlackElo "2176"]
[EventDate "2017.11.13"]
[PlyCount "106"]

1.e4 c5 2.Nf3 e6 3.d4 cxd4 4.Nxd4 Nf6 5.Nc3 d6 6.Be3 a6 7.Be2 Qc7 8.Qd2 b5
9.a3 Bb7 10.f3 Nbd7 11.Rd1 Be7 12.O-O O-O 13.Bf2 d5 14.exd5 Nxd5 15.Ne4 
N7f6 16.Bg3 Qb6 17.Bf2 Qc7 18.Bd3 Nf4 19.Rfe1 Nxd3 20.cxd3 Rac8 21.Kh1 
Rfd8 22.Qe2 Qd7 23.Nb3 Qd5 24.Nd4 Nh5 25.Nc3 Qd7 26.Qe5 g6 27.Nde2 Bf6 28.
Qe3 Ng7 29.Qf4 Qe7 30.Qd2 Nf5 31.Qf4 Bg5 32.Qg4 Be3 33.Bg3 h5 34.Qh3 Nxg3+
35.Qxg3 Bg5 36.Rf1 Bf6 37.Qf4 Rd7 38.d4 Bg7 39.Qe3 Rcd8 40.Rd3 e5 41.Rfd1 
exd4 42.Qxe7 Rxe7 43.Kg1 Red7 44.Na2 Bd5 45.b3 a5 46.Nf4 Bb7 47.Nc1 Bf8 
48.Nce2 Bxa3 49.Kf1 Bc5 50.Ra1 Bb6 51.Ke1 b4 52.Rdd1 d3 53.Kf1 dxe2+ 0-1

[Event "35th WCh U20 Girls"]
[Site "Tarvisio ITA"]
[Date "2017.11.13"]
[Round "1"]
[White "Ning Kaiyu"]
[Black "Vernet, Solene"]
[Result "1-0"]
[WhiteElo "2173"]
[BlackElo "1862"]
[EventDate "2017.11.13"]
[PlyCount "49"]

1.d4 Nf6 2.c4 e6 3.Nf3 c5 4.Nc3 d5 5.cxd5 Nxd5 6.e4 cxd4 7.Nxd5 exd5 8.
Qxd4 Nc6 9.Qxd5 Qxd5 10.exd5 Nb4 11.Bb5+ Bd7 12.Bxd7+ Kxd7 13.O-O Rd8 14.
Be3 Nxd5 15.Rfd1 Ke8 16.Bxa7 b6 17.Rd3 Be7 18.Rad1 Nb4 19.Rxd8+ Bxd8 20.
Bb8 Bf6 21.Be5 Bxe5 22.Nxe5 f6 23.Nc4 Nxa2 24.Ra1 Kf7 25.Rxa2 1-0

[Event "35th WCh U20 Girls"]
[Site "Tarvisio ITA"]
[Date "2017.11.13"]
[Round "1"]
[White "Petraki, Evaggelia"]
[Black "Terbe, Zsuzsanna"]
[Result "0-1"]
[WhiteElo "1854"]
[BlackElo "2170"]
[EventDate "2017.11.13"]
[PlyCount "64"]

1.e4 g6 2.d4 Bg7 3.Nc3 a6 4.a4 d6 5.f4 Nd7 6.Nf3 c5 7.Be3 Ngf6 8.dxc5 Qa5 
9.Qd4 dxc5 10.Qd3 Nxe4 11.Qxe4 Bxc3+ 12.Bd2 Bxd2+ 13.Nxd2 Nf6 14.Qe5 O-O 
15.Bd3 Rd8 16.O-O-O Qxa4 17.Qxe7 Qd4 18.Bc4 Rd7 19.Qe5 Kg7 20.h3 b5 21.Bb3
Bb7 22.Nf3 Qxe5 23.fxe5 Nd5 24.c4 Nb6 25.Rxd7 Nxd7 26.cxb5 axb5 27.Rd1 
Ra1+ 28.Kd2 Rxd1+ 29.Bxd1 Bxf3 30.Bxf3 Nxe5 31.Be2 b4 32.Ke3 f5 0-1

[Event "35th WCh U20 Girls"]
[Site "Tarvisio ITA"]
[Date "2017.11.13"]
[Round "1"]
[White "Gueci, Tea"]
[Black "Koljevic, Nikolina"]
[Result "1-0"]
[WhiteElo "2161"]
[BlackElo "1837"]
[EventDate "2017.11.13"]
[PlyCount "51"]

1.e4 c5 2.Nf3 e6 3.d4 cxd4 4.Nxd4 Nf6 5.Bd3 Nc6 6.Nxc6 bxc6 7.O-O d5 8.Nd2
Be7 9.b3 O-O 10.Bb2 a5 11.c4 a4 12.bxa4 Qa5 13.Bc2 dxe4 14.Qe2 Rd8 15.Nxe4
Nxe4 16.Qxe4 f5 17.Qxc6 Bd7 18.Qf3 Bxa4 19.Bb3 Bd7 20.Rad1 Ra6 21.Qg3 g6 
22.Be5 Rc6 23.Bc3 Qc5 24.Bd4 Qa5 25.c5 Bxc5 26.Qe5 1-0

[Event "35th WCh U20 Girls"]
[Site "Tarvisio ITA"]
[Date "2017.11.13"]
[Round "1"]
[White "Magpily, Francois Marie"]
[Black "Vidic, Teja"]
[Result "1/2-1/2"]
[WhiteElo "1836"]
[BlackElo "2159"]
[EventDate "2017.11.13"]
[PlyCount "69"]

1.e4 e5 2.Nf3 Nc6 3.d4 exd4 4.Bc4 Nf6 5.O-O Nxe4 6.Re1 d5 7.Bxd5 Qxd5 8.
Nc3 Qh5 9.Nxe4 Be6 10.Nxd4 Qxd1 11.Rxd1 O-O-O 12.Be3 Nxd4 13.Rxd4 Be7 14.
c3 h6 15.f4 f5 16.Ng3 g5 17.Re1 Rde8 18.Rdd1 c5 19.Bf2 gxf4 20.Nh5 Bf7 21.
Ng7 Rd8 22.Rxd8+ Bxd8 23.Nxf5 Bxa2 24.Bxc5 Bd5 25.Rd1 Bc6 26.Nd6+ Kc7 27.
Nf7 Rg8 28.Nxd8 Rxd8 29.Rxd8 Kxd8 30.Bxa7 Kc7 31.Bc5 h5 32.Kf2 Kd7 33.g3 
fxg3+ 34.Kxg3 b5 35.b4 1/2-1/2

[Event "35th WCh U20 Girls"]
[Site "Tarvisio ITA"]
[Date "2017.11.13"]
[Round "1"]
[White "Pratyusha, Bodda"]
[Black "Samudin, Elina"]
[Result "1-0"]
[WhiteElo "2152"]
[BlackElo "1806"]
[EventDate "2017.11.13"]
[PlyCount "71"]

1.c4 e6 2.Nc3 d5 3.e3 Nf6 4.Nf3 Be7 5.b3 O-O 6.Bb2 dxc4 7.Bxc4 b6 8.Qc2 
Bb7 9.h4 Nbd7 10.O-O-O Nc5 11.d4 Nce4 12.Ng5 Nxc3 13.Bxc3 Bd5 14.Bd3 g6 
15.Kb1 Qc8 16.Rh3 c5 17.h5 Bxg2 18.Rg3 cxd4 19.exd4 Nd5 20.Ne4 Bxe4 21.
Bxe4 Bd6 22.Rf3 Rb8 23.Rg1 Nxc3+ 24.Rxc3 Qe8 25.Rh3 f5 26.Bd3 Rf6 27.Qd2 
Rb7 28.d5 Rg7 29.dxe6 gxh5 30.Rgh1 Kh8 31.Bc4 Bf8 32.Rxh5 Qg6 33.Kb2 b5 
34.Bd5 f4 35.Qd4 a6 36.Be4 1-0

[Event "35th WCh U20 Girls"]
[Site "Tarvisio ITA"]
[Date "2017.11.13"]
[Round "1"]
[White "Vanduyfhuys, Daria"]
[Black "Lahav, Michal"]
[Result "1-0"]
[WhiteElo "1755"]
[BlackElo "2148"]
[EventDate "2017.11.13"]
[PlyCount "59"]

1.d4 Nf6 2.Nf3 c5 3.e3 g6 4.c4 Bg7 5.Nc3 cxd4 6.exd4 d5 7.Be2 dxc4 8.Bxc4 
O-O 9.O-O Nbd7 10.Re1 Nb6 11.Bb3 Nfd5 12.h3 Be6 13.Bg5 Re8 14.Rc1 h6 15.
Bh4 Nf4 16.Bc2 Rc8 17.Bg3 Nfd5 18.Bxg6 fxg6 19.Rxe6 Nf6 20.Ne5 Nbd7 21.
Nxg6 Nf8 22.Nxf8 Kxf8 23.Qd3 Kf7 24.Rce1 Qd7 25.d5 b5 26.a3 a5 27.Bh4 b4 
28.Bxf6 exf6 29.Qf5 Rcd8 30.Ne4 1-0

[Event "35th WCh U20 Girls"]
[Site "Tarvisio ITA"]
[Date "2017.11.13"]
[Round "1"]
[White "Arda, Cagil Irmak"]
[Black "Jayaweera, Sayuni Gihansa"]
[Result "1-0"]
[WhiteElo "2139"]
[BlackElo "1745"]
[EventDate "2017.11.13"]
[PlyCount "101"]

1.e4 c5 2.Nf3 d6 3.d4 cxd4 4.Nxd4 Nf6 5.f3 Nc6 6.c4 Qb6 7.Nb3 g6 8.Nc3 Bg7
9.Qe2 O-O 10.Be3 Qc7 11.Qd2 Ne5 12.Nb5 Qb8 13.Rc1 a6 14.Nc3 Bd7 15.Nd4 Nc6
16.Nc2 Be6 17.Be2 Nd7 18.O-O Qd8 19.b3 Qa5 20.b4 Qd8 21.Nd5 Rc8 22.Nf4 Qe8
23.Rfd1 Nde5 24.Nxe6 fxe6 25.f4 Nf7 26.b5 axb5 27.cxb5 Nb8 28.Nd4 Bxd4 29.
Qxd4 e5 30.Qd5 Rxc1 31.Rxc1 Qd7 32.Bc4 Kg7 33.fxe5 dxe5 34.Rf1 Qxd5 35.
Bxd5 Nd6 36.Bh6+ Kxh6 37.Rxf8 Nd7 38.Rf1 Nf6 39.a4 Nxd5 40.exd5 e4 41.Kf2 
Kg7 42.Ke3 g5 43.Kd4 Kg6 44.g4 h6 45.Rb1 Kf6 46.a5 e3 47.a6 e2 48.Kd3 bxa6
49.bxa6 Nc8 50.Kxe2 Ke5 51.Rb8 1-0

[Event "35th WCh U20 Girls"]
[Site "Tarvisio ITA"]
[Date "2017.11.13"]
[Round "1"]
[White "Figueroa Bernal, Julia Dennis"]
[Black "Ivanova, Simoneta"]
[Result "0-1"]
[WhiteElo "1690"]
[BlackElo "2137"]
[EventDate "2017.11.13"]
[PlyCount "82"]

1.e4 d6 2.d4 Nf6 3.Nc3 Nbd7 4.Be3 e5 5.Nf3 Be7 6.dxe5 dxe5 7.Bc4 O-O 8.O-O
c6 9.h3 b5 10.Bd3 Qc7 11.Ne2 Nc5 12.Ng3 Rd8 13.Qe2 a5 14.Bxc5 Bxc5 15.a4 
b4 16.Bc4 h6 17.Nh4 Bd4 18.Rab1 Re8 19.Nhf5 Be6 20.Bxe6 Rxe6 21.Nh5 Nxh5 
22.Qxh5 Rd8 23.Qg4 Rg6 24.Qh4 Kh7 25.Rbd1 Rd7 26.Nxd4 Rxd4 27.Rxd4 exd4 
28.Qh5 Rg5 29.Qd1 Qd7 30.f4 Rg3 31.Kh2 Re3 32.Re1 Rxe1 33.Qxe1 c5 34.b3 c4
35.Qd1 cxb3 36.cxb3 d3 37.Kg3 d2 38.Kf2 Qd3 39.f5 Qxe4 40.Qxd2 Qxf5+ 41.
Ke3 Qe6+ 0-1

[Event "35th WCh U20 Girls"]
[Site "Tarvisio ITA"]
[Date "2017.11.13"]
[Round "1"]
[White "Parnali, S. Dharia"]
[Black "Ganzova, Veronika"]
[Result "1-0"]
[WhiteElo "2136"]
[BlackElo "1633"]
[EventDate "2017.11.13"]
[PlyCount "77"]

1.d4 d5 2.c4 e6 3.Nf3 Nf6 4.g3 Bb4+ 5.Bd2 Bd6 6.Bg2 O-O 7.Nc3 c6 8.O-O 
Nbd7 9.e4 dxe4 10.Ng5 Be7 11.Ngxe4 Nb6 12.c5 Nc4 13.Bf4 Nd5 14.Bc1 Nxc3 
15.bxc3 e5 16.Qe2 Be6 17.Rd1 Qc7 18.dxe5 Qxe5 19.Bf4 Qf5 20.Nd6 Qxc5 21.
Nxb7 Qa3 22.Bxc6 Rac8 23.Bd7 Bxd7 24.Rxd7 Bf6 25.Nd6 Nb6 26.Nb5 Qc5 27.
Rxa7 Rfe8 28.Be3 Qc6 29.Nd4 Qxc3 30.Nb3 Qc6 31.Rc1 Qe6 32.Rxc8 Qxc8 33.Qh5
g6 34.Qf3 Qe6 35.Nc5 Qd6 36.Ne4 Rxe4 37.Qxe4 Qb8 38.Bxb6 Qxb6 39.Qe8+ 1-0

[Event "35th WCh U20 Girls"]
[Site "Tarvisio ITA"]
[Date "2017.11.13"]
[Round "1"]
[White "Zairbek Kyzy, Begimay"]
[Black "Serikbay, Assel"]
[Result "0-1"]
[WhiteElo "1599"]
[BlackElo "2135"]
[EventDate "2017.11.13"]
[PlyCount "62"]

1.e4 c5 2.Nf3 e6 3.d4 cxd4 4.Nxd4 a6 5.Nc3 Qc7 6.Bd3 Nc6 7.Be3 Nf6 8.a3 
Be7 9.f3 b5 10.Qd2 Bb7 11.O-O-O b4 12.axb4 Bxb4 13.Bf4 e5 14.Nxc6 Bxc6 15.
Bg3 O-O 16.Be1 Qa5 17.Qg5 h6 18.Qg3 Nh5 19.Qg4 Nf4 20.Bd2 Qa1+ 21.Nb1 
Nxd3+ 22.cxd3 Bxd2+ 23.Kxd2 Qxb2+ 24.Ke3 Ba4 25.Rd2 Qd4+ 26.Ke2 Rfc8 27.
Na3 Rc3 28.Nc4 Bb5 29.Nb2 Rb3 30.Nc4 Bxc4 31.dxc4 Qe3+ 0-1

[Event "35th WCh U20 Girls"]
[Site "Tarvisio ITA"]
[Date "2017.11.13"]
[Round "1"]
[White "Kanakova, Natalie"]
[Black "Cui, Cynthia"]
[Result "1-0"]
[WhiteElo "2134"]
[BlackElo "1553"]
[EventDate "2017.11.13"]
[PlyCount "97"]

1.e4 c6 2.d4 d5 3.Nc3 dxe4 4.Nxe4 Bf5 5.Ng3 Bg6 6.h4 h6 7.Nf3 Nd7 8.h5 Bh7
9.Bd3 Bxd3 10.Qxd3 e6 11.Bd2 Ngf6 12.O-O-O Be7 13.Ne4 Nxe4 14.Qxe4 Nf6 15.
Qd3 Qd5 16.c4 Qe4 17.Qb3 O-O-O 18.Rhe1 Qh7 19.Qa4 Kb8 20.Ba5 Rc8 21.Ne5 
Rhf8 22.g4 Bd6 23.f3 Bc7 24.Bb4 Rfd8 25.Bc5 a6 26.Qb4 Ka8 27.Be7 Re8 28.
Re3 Ng8 29.Bc5 f6 30.Ng6 f5 31.Rde1 fxg4 32.fxg4 Nf6 33.Rxe6 Rxe6 34.Rxe6 
Nxg4 35.Re7 Qg8 36.Kb1 Qd8 37.Qc3 Bd6 38.Bxd6 Qxd6 39.Qb3 Rb8 40.Qd1 Nf2 
41.Qd2 Qf6 42.Qf4 Rf8 43.Qxf6 Rxf6 44.Rxg7 Rf5 45.Rg8+ Ka7 46.Ne7 Rxh5 47.
Nc8+ Kb8 48.Nb6+ Kc7 49.c5 1-0

[Event "35th WCh U20 Girls"]
[Site "Tarvisio ITA"]
[Date "2017.11.13"]
[Round "1"]
[White "Braganza, Nadia"]
[Black "Paramzina, Anastasia"]
[Result "0-1"]
[WhiteElo "1536"]
[BlackElo "2123"]
[EventDate "2017.11.13"]
[PlyCount "66"]

1.e4 c5 2.Nf3 d6 3.d4 cxd4 4.Nxd4 Nf6 5.Nc3 a6 6.Be2 e6 7.O-O Be7 8.Be3 
O-O 9.Kh1 b5 10.a3 Bb7 11.Qd3 Nbd7 12.f3 Rc8 13.Bg5 h6 14.Bxf6 Bxf6 15.
Rad1 Ne5 16.Qd2 Qb6 17.f4 Nc4 18.Bxc4 Rxc4 19.Nde2 Rd8 20.Qd3 Qc6 21.Qf3 
a5 22.Rd3 b4 23.axb4 axb4 24.Nd1 Qxe4 25.Qxe4 Bxe4 26.Rg3 Rxc2 27.Re3 d5 
28.Nf2 Bg6 29.b3 d4 30.Rg3 Rxe2 31.Ng4 d3 32.Rd1 d2 33.Ne3 Re1+ 0-1

[Event "35th WCh U20 Girls"]
[Site "Tarvisio ITA"]
[Date "2017.11.14"]
[Round "2"]
[White "Ghukasian, Siranush"]
[Black "Abdumalik, Zhansaya"]
[Result "0-1"]
[WhiteElo "2207"]
[BlackElo "2428"]
[EventDate "2017.11.13"]
[PlyCount "82"]

1.e4 e5 2.Nf3 Nc6 3.Bb5 a6 4.Ba4 Nf6 5.O-O Be7 6.d3 b5 7.Bb3 O-O 8.Nc3 Bb7
9.a3 Nd4 10.Ba2 d6 11.Nxd4 exd4 12.Ne2 d5 13.e5 Nd7 14.f4 c5 15.c3 dxc3 
16.bxc3 Rc8 17.Rb1 Qc7 18.Kh1 Qc6 19.d4 f6 20.Bb3 Kh8 21.Rf3 fxe5 22.dxe5 
Qe6 23.Be3 Nb6 24.Bg1 Nc4 25.a4 d4 26.f5 Qh6 27.Rg3 Nd2 28.Bc2 Nxb1 29.
Bxb1 Bh4 30.Rg4 dxc3 31.Nxc3 Rcd8 32.Qf1 Qh5 33.Qf4 g5 34.Rxh4 Qxh4 35.
Qxh4 gxh4 36.axb5 axb5 37.Bxc5 Rc8 38.Bb4 Rc4 39.Na2 Rg8 40.Kg1 Rxg2+ 41.
Kf1 Rxa2 0-1

[Event "35th WCh U20 Girls"]
[Site "Tarvisio ITA"]
[Date "2017.11.14"]
[Round "2"]
[White "Khademalsharieh, Sarasadat"]
[Black "Kiolbasa, Oliwia"]
[Result "1-0"]
[WhiteElo "2419"]
[BlackElo "2206"]
[EventDate "2017.11.13"]
[PlyCount "57"]

1.d4 d5 2.c4 c6 3.Nf3 Nf6 4.e3 Bf5 5.Nc3 e6 6.Nh4 Be4 7.f3 Bg6 8.Nxg6 hxg6
9.Qb3 Qc7 10.Bd2 a6 11.Rc1 dxc4 12.Bxc4 c5 13.dxc5 Nc6 14.Ne2 Rd8 15.g3 
Ne5 16.Nd4 Nxc4 17.Qxc4 e5 18.Nb3 Qc6 19.e4 Be7 20.O-O Nd7 21.Be3 O-O 22.
Na5 Qc7 23.b4 Nb8 24.Rfd1 Rc8 25.Qb3 Rfd8 26.Rd5 Nc6 27.Nc4 Rb8 28.Rcd1 
Kh7 29.Nb6 1-0

[Event "35th WCh U20 Girls"]
[Site "Tarvisio ITA"]
[Date "2017.11.14"]
[Round "2"]
[White "Yuan Ye"]
[Black "Assaubaeva, Bibisara"]
[Result "1/2-1/2"]
[WhiteElo "2196"]
[BlackElo "2395"]
[EventDate "2017.11.13"]
[PlyCount "93"]

1.d4 d6 2.Nf3 g6 3.g3 Bg7 4.Bg2 Nd7 5.O-O e5 6.c4 Ne7 7.Nc3 O-O 8.e4 exd4 
9.Nxd4 Nc6 10.Nxc6 bxc6 11.Bd2 a5 12.h3 Ba6 13.b3 a4 14.Qc2 axb3 15.axb3 
Bb7 16.Rxa8 Qxa8 17.Na4 c5 18.Nc3 Ne5 19.Nd5 Bxd5 20.exd5 Rb8 21.Rb1 Qa6 
22.f4 Nd7 23.Bc3 Bxc3 24.Qxc3 Qa2 25.Qb2 Qa5 26.g4 Ra8 27.Bf1 Qb4 28.Kf2 
Ra3 29.Bd3 Qa5 30.Qc2 Ra2 31.Rb2 Ra1 32.Qd2 Qa8 33.g5 Rh1 34.Kg2 Qa1 35.
Qf2 Rd1 36.Be2 Rd4 37.Rc2 Qb1 38.Rc3 Qe4+ 39.Kg3 Rd2 40.Re3 Qd4 41.Re7 Nb6
42.f5 Qxf2+ 43.Kxf2 gxf5 44.Ke1 Rb2 45.Bd1 f4 46.Rxc7 f3 47.Bxf3 1/2-1/2

[Event "35th WCh U20 Girls"]
[Site "Tarvisio ITA"]
[Date "2017.11.14"]
[Round "2"]
[White "Janzelj, Lara"]
[Black "Shuvalova, Polina"]
[Result "1/2-1/2"]
[WhiteElo "2192"]
[BlackElo "2386"]
[EventDate "2017.11.13"]
[PlyCount "75"]

1.d4 Nf6 2.c4 e6 3.g3 c5 4.d5 exd5 5.cxd5 d6 6.Nc3 g6 7.Bg2 Bg7 8.Nf3 O-O 
9.O-O Re8 10.Bf4 Na6 11.Nd2 Nh5 12.Be3 Nc7 13.a4 b6 14.Bf3 Nf6 15.Nc4 Ba6 
16.b3 Ng4 17.Bxg4 Bxc3 18.Rc1 Bg7 19.Qd2 Bc8 20.Bf3 Bh3 21.Rfe1 b5 22.axb5
Nxb5 23.b4 Nd4 24.Bxd4 cxd4 25.Na5 Bf5 26.Rc6 Qe7 27.e4 dxe3 28.Rxe3 Qf6 
29.Nc4 Bf8 30.Kg2 h5 31.Qc3 Qxc3 32.Rxc3 Reb8 33.Nxd6 Bd7 34.Rc7 Bxd6 35.
Rxd7 Rd8 36.Rxd8+ Rxd8 37.b5 Kg7 38.Rc6 1/2-1/2

[Event "35th WCh U20 Girls"]
[Site "Tarvisio ITA"]
[Date "2017.11.14"]
[Round "2"]
[White "Badelka, Olga"]
[Black "Ning Kaiyu"]
[Result "1/2-1/2"]
[WhiteElo "2374"]
[BlackElo "2173"]
[EventDate "2017.11.13"]
[PlyCount "71"]

1.c4 e6 2.d4 d5 3.Nc3 c6 4.Nf3 Nf6 5.cxd5 exd5 6.Bg5 Bf5 7.e3 Be7 8.Bd3 
Ne4 9.Bxe7 Qxe7 10.Bxe4 dxe4 11.Nd2 Nd7 12.g4 Bg6 13.Qc2 Nf6 14.g5 Nd5 15.
Nxd5 cxd5 16.Qa4+ Qd7 17.Qxd7+ Kxd7 18.Nb1 h6 19.Nc3 Ke6 20.Rg1 Bf5 21.h4 
hxg5 22.hxg5 Rh2 23.Ne2 Rc8 24.Rc1 Rxc1+ 25.Nxc1 Kd6 26.Ne2 g6 27.Ng3 Bd7 
28.Rh1 Rxh1+ 29.Nxh1 Bb5 30.Ng3 a5 31.Kd2 Bc4 32.b3 Bb5 33.Kc3 Ba6 34.b4 
a4 35.a3 Bb5 36.Kd2 1/2-1/2

[Event "35th WCh U20 Girls"]
[Site "Tarvisio ITA"]
[Date "2017.11.14"]
[Round "2"]
[White "Nguyen, Emily"]
[Black "Zhu Jiner"]
[Result "0-1"]
[WhiteElo "2176"]
[BlackElo "2363"]
[EventDate "2017.11.13"]
[PlyCount "142"]

1.d4 Nf6 2.Nf3 e6 3.c4 b6 4.g3 Ba6 5.b3 Bb4+ 6.Bd2 Be7 7.Bg2 d5 8.Ne5 O-O 
9.Nc3 c6 10.O-O dxc4 11.Bxc6 Nxc6 12.Nxc6 Qd7 13.Nxe7+ Qxe7 14.bxc4 Bxc4 
15.Qa4 Rac8 16.Rfd1 Qb7 17.Bf4 Rfd8 18.Rd2 Ba6 19.Qa3 Rc4 20.Rad1 b5 21.
Qa5 Rdc8 22.Rd3 b4 23.Na4 Qb5 24.Qxb5 Bxb5 25.Nc5 Nd5 26.R3d2 Nc3 27.Re1 
Rd8 28.Be3 h6 29.Rb2 Rd5 30.Nb3 Rc6 31.f3 Bc4 32.Bf2 a5 33.e4 Rb5 34.d5 
Ra6 35.Nd4 Rb7 36.dxe6 fxe6 37.a3 e5 38.Nf5 b3 39.Ne3 Bd3 40.Rd2 b2 41.
Rxd3 b1=Q 42.Rxb1 Rxb1+ 43.Kg2 Rc6 44.Nd5 Nxd5 45.exd5 Rd6 46.Bc5 Rd7 47.
d6 Kf7 48.Re3 Kf6 49.a4 Rb2+ 50.Kh3 Ra2 51.Ba3 Rc2 52.Rb3 Rc4 53.Rb5 Rxa4 
54.Bb2 Ke6 55.Bxe5 Ra7 56.f4 Rb4 57.Rc5 Rbb7 58.f5+ Kf7 59.Rd5 a4 60.Bd4 
Ra8 61.d7 Rd8 62.Ra5 Rb4 63.Rd5 a3 64.Be5 a2 65.Ra5 Re4 66.Bc3 Re2 67.Ra7 
Rc2 68.Bb4 Kg8 69.Bd6 Rxd7 70.Ra8+ Kh7 71.Be5 Rd5 0-1

[Event "35th WCh U20 Girls"]
[Site "Tarvisio ITA"]
[Date "2017.11.14"]
[Round "2"]
[White "Nomin-Erdene, Davaademberel"]
[Black "Gueci, Tea"]
[Result "1-0"]
[WhiteElo "2358"]
[BlackElo "2161"]
[EventDate "2017.11.13"]
[PlyCount "115"]

1.e4 c5 2.Nf3 d6 3.d4 cxd4 4.Nxd4 Nf6 5.Nc3 e6 6.Be3 Be7 7.f3 O-O 8.Qd2 e5
9.Nb3 Be6 10.O-O-O a5 11.Kb1 a4 12.Nc1 a3 13.b3 Ra5 14.Nd3 Nc6 15.Qf2 Qc8 
16.Bb6 Ra6 17.g4 Rxb6 18.Qxb6 Nd4 19.Qb4 d5 20.Qxe7 Qxc3 21.Qc5 Qxc5 22.
Nxc5 dxe4 23.Nxe4 Nxe4 24.fxe4 Bxg4 25.Re1 Rc8 26.Bd3 g6 27.h3 Be6 28.Re3 
Rc3 29.Rhe1 Kg7 30.Kc1 b5 31.Kd2 b4 32.Rc1 f5 33.Be2 f4 34.Rxc3 bxc3+ 35.
Kd3 Bxh3 36.Bf1 Bxf1+ 37.Rxf1 g5 38.Kxc3 g4 39.Kd3 g3 40.b4 f3 41.Ke3 
Nxc2+ 42.Kxf3 Nxb4 43.Kxg3 Nxa2 44.Rf3 Nc1 45.Rxa3 Ne2+ 46.Kg4 Nd4 47.Ra7+
Kg6 48.Ra6+ Kf7 49.Kg5 Ke7 50.Rh6 Kd7 51.Kf6 Kd6 52.Rxh7 Ne6 53.Rh6 Nd4 
54.Rg6 Nc6 55.Kf5+ Kc5 56.Rxc6+ Kxc6 57.Kxe5 Kd7 58.Kf6 1-0

[Event "35th WCh U20 Girls"]
[Site "Tarvisio ITA"]
[Date "2017.11.14"]
[Round "2"]
[White "Terbe, Zsuzsanna"]
[Black "Khomeriki, Nino"]
[Result "1/2-1/2"]
[WhiteElo "2170"]
[BlackElo "2347"]
[EventDate "2017.11.13"]
[PlyCount "81"]

1.d4 Nf6 2.Bf4 d5 3.Nf3 c5 4.e3 Nc6 5.Nbd2 cxd4 6.exd4 Bf5 7.c3 e6 8.Qb3 
Qc8 9.Nh4 Bg4 10.h3 Bh5 11.g4 Bg6 12.Nxg6 hxg6 13.Be2 Be7 14.a4 O-O 15.h4 
e5 16.dxe5 Nxg4 17.Qxd5 Qf5 18.Qe4 Ngxe5 19.Qxf5 gxf5 20.Bxe5 Nxe5 21.Nf3 
Ng6 22.Bd3 Bc5 23.O-O-O Ne7 24.Rhe1 a5 25.Bc4 Rac8 26.b3 Rc7 27.Re2 Ng6 
28.Red2 Be7 29.h5 Nf4 30.Rh1 Bf6 31.Kc2 Kh7 32.Nd4 Rc5 33.Nb5 Kh6 34.Nd6 
Nxh5 35.Nxf7+ Kg6 36.Rg1+ Kh7 37.Rh1 Kg6 38.Rg1+ Kh7 39.Rh1 Kg6 40.Rg1+ 
Kh7 41.Rh1 1/2-1/2

[Event "35th WCh U20 Girls"]
[Site "Tarvisio ITA"]
[Date "2017.11.14"]
[Round "2"]
[White "Osmak, Yulia"]
[Black "Pratyusha, Bodda"]
[Result "1-0"]
[WhiteElo "2345"]
[BlackElo "2152"]
[EventDate "2017.11.13"]
[PlyCount "95"]

1.d4 Nf6 2.Bg5 Ne4 3.Bf4 d5 4.e3 c5 5.Bd3 Nf6 6.c3 Qb6 7.Qc1 Nc6 8.Nf3 g6 
9.Nbd2 Bg7 10.h3 Nd7 11.O-O O-O 12.Re1 e5 13.dxe5 Ndxe5 14.Nxe5 Nxe5 15.
Bxe5 Bxe5 16.e4 dxe4 17.Nc4 Qc7 18.Nxe5 Qxe5 19.Bxe4 Qc7 20.Bd5 Bd7 21.Re7
Qd6 22.Qg5 Rae8 23.Rae1 Rxe7 24.Rxe7 b5 25.c4 bxc4 26.Bxc4 Bf5 27.Rxa7 
Qd1+ 28.Kh2 Qd4 29.b3 Qxf2 30.Qg3 Qb2 31.a4 Be4 32.a5 h5 33.Re7 Qc2 34.a6 
h4 35.Qg4 Bd3 36.Qxh4 Bxc4 37.Qxc4 Qxc4 38.bxc4 Ra8 39.a7 Kg7 40.Rc7 Kf6 
41.Kg3 Ke6 42.Kf4 f6 43.h4 Kd6 44.Rf7 Ke6 45.Rb7 Kd6 46.Rb6+ Ke7 47.Ra6 
Kf7 48.Ke4 1-0

[Event "35th WCh U20 Girls"]
[Site "Tarvisio ITA"]
[Date "2017.11.14"]
[Round "2"]
[White "Ivanova, Simoneta"]
[Black "Tsolakidou, Stavroula"]
[Result "0-1"]
[WhiteElo "2137"]
[BlackElo "2340"]
[EventDate "2017.11.13"]
[PlyCount "96"]

1.d4 Nf6 2.c4 e6 3.Nc3 Bb4 4.Qc2 d6 5.Nf3 Nbd7 6.Bd2 b6 7.e4 Bb7 8.Bd3 e5 
9.d5 Nc5 10.a3 Bxc3 11.Bxc3 O-O 12.b4 Nxd3+ 13.Qxd3 c6 14.O-O cxd5 15.cxd5
Qc8 16.Rac1 Qg4 17.Nd2 Nh5 18.f3 Qxg2+ 19.Kxg2 Nf4+ 20.Kg3 Nxd3 21.Rc2 
Rac8 22.Rb1 f5 23.b5 fxe4 24.fxe4 Rc7 25.Rd1 Nf4 26.Re1 Rf6 27.h3 Rg6+ 28.
Kh2 Rg2+ 29.Kh1 Rg3 30.Nb1 Rxh3+ 31.Kg1 Rc4 32.a4 Bc8 33.Ra2 Bg4 34.a5 
Rg3+ 35.Kh2 Rgxc3 36.Nxc3 Rxc3 37.axb6 axb6 38.Kg1 Rb3 39.Rea1 Kf7 40.Ra8 
Rxb5 41.R1a7+ Kg6 42.Rg8 Rb1+ 43.Kf2 Rb2+ 44.Kg1 Nh5 45.Rd8 Kg5 46.Rf7 Kh4
47.Rf2 Rb1+ 48.Kg2 Ng3 0-1

[Event "35th WCh U20 Girls"]
[Site "Tarvisio ITA"]
[Date "2017.11.14"]
[Round "2"]
[White "Vaishali, Ramesh Babu"]
[Black "Arda, Cagil Irmak"]
[Result "1-0"]
[WhiteElo "2325"]
[BlackElo "2139"]
[EventDate "2017.11.13"]
[PlyCount "95"]

1.Nf3 Nf6 2.g3 b6 3.Bg2 Bb7 4.O-O e6 5.c4 c5 6.Nc3 Be7 7.b3 O-O 8.Bb2 Qc8 
9.d4 cxd4 10.Qxd4 Nc6 11.Qf4 Qb8 12.Rfd1 Qxf4 13.gxf4 Na5 14.Nb5 d5 15.Ne5
a6 16.Nd4 g6 17.Bc3 Rac8 18.Bxa5 bxa5 19.Rac1 Ba3 20.Rc2 Bc5 21.e3 Rfd8 
22.Nd3 Ne4 23.Nxc5 Rxc5 24.Nxe6 fxe6 25.Bxe4 Rdc8 26.Bd3 R8c7 27.Kf1 Kf7 
28.Be2 Ke7 29.Rd4 dxc4 30.Bxc4 Rh5 31.Ke2 Rxh2 32.Rcd2 Rh3 33.e4 Bc8 34.
Rd6 e5 35.fxe5 Bg4+ 36.Kf1 Rh5 37.f4 Rh3 38.Rf6 Ke8 39.e6 Rc5 40.e5 g5 41.
Rf7 Rf3+ 42.Kg2 Rxf4 43.Rfd7 Rxe5 44.Rd8+ Ke7 45.R2d7+ Kf6 46.Rf7+ Kg6 47.
Rg8+ Kh6 48.Rxf4 1-0

[Event "35th WCh U20 Girls"]
[Site "Tarvisio ITA"]
[Date "2017.11.14"]
[Round "2"]
[White "Serikbay, Assel"]
[Black "Yu, Jennifer"]
[Result "1/2-1/2"]
[WhiteElo "2135"]
[BlackElo "2321"]
[EventDate "2017.11.13"]
[PlyCount "60"]

1.d4 d5 2.Nf3 Nf6 3.c4 c6 4.Nc3 dxc4 5.e3 b5 6.a4 b4 7.Na2 a5 8.Bxc4 Ba6 
9.Bxa6 Nxa6 10.O-O e6 11.b3 c5 12.Bb2 Be7 13.Nc1 O-O 14.Nd3 Ne4 15.Rc1 Bf6
16.Nde5 cxd4 17.Bxd4 Qd5 18.Qc2 Qb7 19.Nc6 Bxd4 20.exd4 Nac5 21.Nce5 Na6 
22.Nc6 Nac5 23.Nce5 Na6 24.Nc6 Nac5 25.Nce5 Na6 26.Nc6 Nac5 27.Nce5 Na6 
28.Nc6 Nac5 29.Nce5 Na6 30.Nc6 Nac5 1/2-1/2

[Event "35th WCh U20 Girls"]
[Site "Tarvisio ITA"]
[Date "2017.11.14"]
[Round "2"]
[White "Obolentseva, Alexandra"]
[Black "Parnali, S. Dharia"]
[Result "1-0"]
[WhiteElo "2320"]
[BlackElo "2136"]
[EventDate "2017.11.13"]
[PlyCount "97"]

1.e4 e5 2.Nf3 Nc6 3.Bb5 a6 4.Ba4 Nf6 5.O-O b5 6.Bb3 Bc5 7.a4 Bb7 8.d3 h6 
9.c3 d6 10.Qe2 O-O 11.Rd1 Re8 12.Nbd2 Bb6 13.Nf1 Ne7 14.Ng3 Ng6 15.Be3 Bc6
16.axb5 Bxb5 17.Bxb6 cxb6 18.h3 Qc7 19.Nf5 Bc6 20.c4 Nd7 21.g3 Nc5 22.Bc2 
a5 23.h4 b5 24.h5 Ne7 25.N3h4 Kh7 26.d4 Nxf5 27.Nxf5 exd4 28.Rxd4 bxc4 29.
Nxd6 Re5 30.Qxc4 Ne6 31.Rdd1 Rxh5 32.Rac1 Kg8 33.Nf5 Rc8 34.Bb3 Bxe4 35.
Qxe4 Qxc1 36.Rxc1 Rxc1+ 37.Kg2 Ng5 38.Bxf7+ Kxf7 39.Nd6+ Kg8 40.Qe8+ Kh7 
41.Qxh5 Rc2 42.Nf7 Rc5 43.Nxg5+ Rxg5 44.Qe2 h5 45.f4 Rf5 46.Qe7 Kg6 47.
Qe6+ Rf6 48.Qe8+ Kh6 49.Qe5 1-0